Možnosti eliminácie rizík a neistôt v účtovníctve podnikateľských subjektov v Slovenskej republike diplomová práca

Gespeichert in:
Bibliographische Detailangaben
1. Verfasser: Morgensteinová, Darina
Körperschaft: Fakulta hospodárskej informatiky EU. Katedra účtovníctva a audítorstva
Weitere Verfasser: Szász, Marek
Format: Buch
Sprache:Slowakisch
Veröffentlicht: Bratislava 2010
Tags: Tag hinzufügen
Keine Tags, Fügen Sie das erste Tag hinzu!

MARC

LEADER 00000nam$a2200000$$$4500
001 0119607
005 20240318122757.7
041 0 |a slo 
044 |a SK 
245 1 0 |a Možnosti eliminácie rizík a neistôt v účtovníctve podnikateľských subjektov v Slovenskej republike  |b diplomová práca  |c Darina Morgensteinová ; škol. Marek Szász 
264 1 |a Bratislava  |c 2010 
300 |a 76 s. 
100 1 |a Morgensteinová, Darina 
700 1 |a Szász, Marek 
710 2 |a Fakulta hospodárskej informatiky EU. Katedra účtovníctva a audítorstva